000 00522nam a22002057a 4500
003 Ost
005 20250402095801.0
008 250402b |||||||| |||| 00| 0 eng d
020 _a9781573223454
040 _cBT-PhCST
050 _aD4651
082 _222
_a294.3
_bMIP
100 _aMipham, Sakyong.
245 _aTurning the mind into ally /
260 _aNew York :
_bPenguin House,
_cc2003
300 _axix, 234 p. :
_bill. ;
_c20 cm.
500 _aIncludes appendix.
700 _aPema, Chodron.
942 _2ddc
_cF
999 _c9961
_d9961